Da Vinci code: fact or fiction? : (Record no. 26792)
[ view plain ]
| 000 -LEADER | |
|---|---|
| fixed length control field | 01080nam a2200241 4500 |
| 008 - FIXED-LENGTH DATA ELEMENTS--GENERAL INFORMATION | |
| fixed length control field | 060607s2004 ilum b a000 0 eng d |
| 020 ## - INTERNATIONAL STANDARD BOOK NUMBER | |
| International Standard Book Number | 1414302797 :gift |
| 090 ## - LOCALLY ASSIGNED LC-TYPE CALL NUMBER (OCLC); LOCAL CALL NUMBER (OCLC) | |
| Classification number (OCLC) (R) ; Classification number, CALL (RLIN) (NR) | PS3552.R685434 |
| Local cutter number (OCLC) ; Book number/undivided call number, CALL (RLIN) | D28h |
| 100 1# - MAIN ENTRY--PERSONAL NAME | |
| Personal name | Hanegraaff, Hank. |
| 245 10 - TITLE STATEMENT | |
| Title | Da Vinci code: fact or fiction? : |
| Remainder of title | a critique of the novel by Dan Brown / |
| Statement of responsibility, etc | Hank Hanegraaff & Paul L. Maier. |
| 260 ## - PUBLICATION, DISTRIBUTION, ETC. (IMPRINT) | |
| Place of publication, distribution, etc | Wheaton, Ill. : |
| Name of publisher, distributor, etc | Tyndale House Publisher, |
| Date of publication, distribution, etc | c2004. |
| 300 ## - PHYSICAL DESCRIPTION | |
| Extent | xii, 81 p. ; |
| Dimensions | 18 cm. |
| 504 ## - BIBLIOGRAPHY, ETC. NOTE | |
| Bibliography, etc | Includes bibliographical references (p. 80-81). |
| 505 0# - FORMATTED CONTENTS NOTE | |
| Formatted contents note | Foreword / Hank Hanegraaff -- Part 1. The Da Vinci deception / Paul L. Maier -- Part 2. But what is truth? / Hank Hanegraaff -- Afterword / Paul L. Maier. |
| 530 ## - ADDITIONAL PHYSICAL FORM AVAILABLE NOTE | |
| Additional physical form available note | Also available on the Internet. |
| 600 14 - SUBJECT ADDED ENTRY--PERSONAL NAME | |
| Personal name | Brown, Dan, |
| Dates associated with a name | 1964- |
| Title of a work | Da Vinci code. |
| 600 14 - SUBJECT ADDED ENTRY--PERSONAL NAME | |
| Personal name | Jesus Christ |
| General subdivision | In literature. |
| 600 14 - SUBJECT ADDED ENTRY--PERSONAL NAME | |
| Personal name | Mary Magdalene, Saint |
| General subdivision | In literature |
| 650 #4 - SUBJECT ADDED ENTRY--TOPICAL TERM | |
| Topical term or geographic name as entry element | Christian saints in literature. |
| 650 #4 - SUBJECT ADDED ENTRY--TOPICAL TERM | |
| Topical term or geographic name as entry element | Christianity in literature. |
| 951 ## - EQUIVALENCE OR CROSS-REFERENCE-GEOGRAPHIC NAME/AREA NAME [OBSOLETE] [CAN/MARC only] | |
| General subdivision | 00032987 |
| 700 1# - ADDED ENTRY--PERSONAL NAME | |
| Personal name | Maier, Paul L. |
| 951 ## - EQUIVALENCE OR CROSS-REFERENCE-GEOGRAPHIC NAME/AREA NAME [OBSOLETE] [CAN/MARC only] | |
| -- | 29461 |
| -- | PS3552.R685434/D28h |
| -- | 070613111556421 |
| -- | 2000-12-21 |
| -- | GC |
| Withdrawn status | Lost status | Damaged status | Not for loan | Home library | Current library | Shelving location | Date acquired | Accession number | Shelving control number | Total Checkouts | Full call number | Barcode | Date last seen | Price effective from | Koha item type |
|---|---|---|---|---|---|---|---|---|---|---|---|---|---|---|---|
| BSOP Library | BSOP Library | GC | 12/21/2000 | 29461 | 127 | PS3552.R685434/D28h | 00032987 | 02/23/2013 | 02/23/2013 | Books |
